Logo BPK

Bibliografia Prac Pracowników

Politechniki Koszalińskiej

Zastosowanie arytmetyki ułamkowej w reprogramowalnych jednostkach przetwarzających systemów jednoukładowych / (Rekord nr 2061)

Szczegóły MARC
000 -ETYKIETA REKORDU
podpole kontrolne o stałej długości 02009nam a2200289 i 4500
001 - NUMER KONTROLNY REKORDU
podpole kontrolne BPP
003 - IDENTYFIKATOR NUMERU KONTROLNEGO REKORDU
podpole kontrolne BPK
005 - DATA OSTATNIEJ MODYFIKACJI REKORDU
podpole kontrolne 20191005093935.0
008 - POLE O STAŁEJ DŁUGOŚCI - DANE KONTROLNE
podpole kontrolne o stałej długości 151203s2009 pl f |000 0 pol
040 ## - ŹRÓDŁO KATALOGOWANIA
Instytucja, która utworzyła rekord BPK
080 ## - UNIWERSALNA KLASYFIKACJA DZIESIĘTNA - UKD
UKD 004.021
100 ## - NAZWA OSOBOWA
Nazwa osobowa Maslennikow, Oleg
Lata pracy 1996 - 2010.
Instytucja Politechnika Koszalińska - Wydział Elektroniki i Informatyki,
Wydział Katedra Inżynierii Komputerowej
245 ## - TYTUŁ/ODPOWIEDZIALNOŚĆ
Tytuł Zastosowanie arytmetyki ułamkowej w reprogramowalnych jednostkach przetwarzających systemów jednoukładowych /
Pozostałe elementy strefy tytułu i oznaczenia odpowiedzialności Oleg Masliennikow, Volodymyr Khadzhynov, Piotr Pawłowski, Robert Berezowski, Piotr Ratuszniak, Magdalena Rajewska, Margita Kucharska.
260 ## - STREFA ADRESU WYDAWNICZEGO
Miejsce wydania Koszalin,
Data publikacji, dystrybucji/powstania dokumentu 2009.
500 ## - UWAGI OGÓLNE
Tekst uwagi Dane z autopsji.
520 ## - UWAGA DOTYCZĄCA TREŚCI DOKUMENTU
Analiza dokumentacyjna, adnotacja itp. Celem projektu jest weryfikacja zalet, jakie może dać realizacja w obszarach reprogramowalnych systemów jednoukładowych bloków operacyjnych i jednostek przetwarzających działających w arytmetyce ułamkowej.
650 ## - HASŁO PRZEDMIOTOWE W FORMIE NAZWY OGÓLNEJ LUB JEDNOSTKOWEJ
Nazwa ogólna lub geograficzna Przetwarzanie danych w czasie rzeczywistym.
650 #0 - HASŁO PRZEDMIOTOWE W FORMIE NAZWY OGÓLNEJ LUB JEDNOSTKOWEJ
Nazwa ogólna lub geograficzna Układy logiczne programowalne FPGA.
650 #0 - HASŁO PRZEDMIOTOWE W FORMIE NAZWY OGÓLNEJ LUB JEDNOSTKOWEJ
Nazwa ogólna lub geograficzna Języki opisu sprzętu.
700 ## - HASŁO DODATKOWE - NAZWA OSOBOWA
Nazwa osobowa KHADZHYNOV, Volodymyr.
Lata pracy 2001 - .
Instytucja Politechnika Koszalińska - Wydział Elektroniki i Informatyki,
Wydział Katedra Inżynierii Komputerowej
700 ## - HASŁO DODATKOWE - NAZWA OSOBOWA
Nazwa osobowa PAWŁOWSKI, Piotr.
Lata pracy 1996 - .
Instytucja Politechnika Koszalińska - Wydział Elektroniki i Informatyki,
Wydział Katedra Systemów Elektronicznych
700 ## - HASŁO DODATKOWE - NAZWA OSOBOWA
Nazwa osobowa RATUSZNIAK, Piotr.
Lata pracy 2002 - .
Instytucja Politechnika Koszalińska - Wydział Elektroniki i Informatyki,
Wydział Katedra Inżynierii Komputerowej
700 ## - HASŁO DODATKOWE - NAZWA OSOBOWA
Nazwa osobowa RAJEWSKA, Magdalena.
Lata pracy 2002 - .
Instytucja Politechnika Koszalińska - Wydział Elektroniki i Informatyki,
Wydział Katedra Inżynierii Komputerowej
700 ## - HASŁO DODATKOWE - NAZWA OSOBOWA
Nazwa osobowa KUCHARSKA, Margita.
Lata pracy 1994 - .
Instytucja Politechnika Koszalińska - Wydział Elektroniki i Informatyki,
Wydział Sekretariat
700 ## - HASŁO DODATKOWE - NAZWA OSOBOWA
Nazwa osobowa BEREZOWSKI, Robert.
Lata pracy 1998 - .
Instytucja Politechnika Koszalińska - Wydział Elektroniki i Informatyki,
Wydział Katedra Inżynierii Komputerowej
942 ## - HASŁO DODATKOWE - ELEMENTY(KOHA)
Typ dokumentu Materiały nieopublikowane
Schemat klasyfikacji Uniwersalna klasyfikacja dziesiętna
Egzemplarze
Wycofany Zagubiony Uszkodzony Dostępność Lokalizacja stała Lokalizacja bieżąca Sygnatura Typ dokumentu
      Dostępny Bibliografia Prac Pracowników - BPK Bibliografia Prac Pracowników - BPK NB-359 Materiały nieopublikowane
© 2014 Biblioteka Politechniki Koszalińskiej :: BIBLIOGRAFIA PRAC PRACOWNIKÓW